<?xml version="1.0" encoding="UTF-8"?>
<collection xmlns="http://www.loc.gov/MARC21/slim">
  <record>
    <leader>00000nam  2200000   4500</leader>
    <controlfield tag="001">INLIS000000000043960</controlfield>
    <controlfield tag="005">20210428100638</controlfield>
    <datafield tag="035" ind1="#" ind2="#">
      <subfield code="a">0010-101300000001882</subfield>
    </datafield>
    <controlfield tag="008">210428################g##########0#ind##</controlfield>
    <datafield tag="082" ind1="#" ind2="#">
      <subfield code="a">338.479 1</subfield>
    </datafield>
    <datafield tag="090" ind1="#" ind2="#">
      <subfield code="a">338.479 1, Fos a</subfield>
    </datafield>
    <datafield tag="100" ind1="1" ind2="#">
      <subfield code="a">Foster, Dennis L</subfield>
    </datafield>
    <datafield tag="245" ind1="1" ind2="#">
      <subfield code="a">An Introduction to Travel dan tourism /</subfield>
      <subfield code="c">Dennis L.Foster</subfield>
    </datafield>
    <datafield tag="260" ind1="#" ind2="#">
      <subfield code="a">Jakarta :</subfield>
      <subfield code="b">Rajagrfindo Persada,</subfield>
      <subfield code="c">2000</subfield>
    </datafield>
    <datafield tag="300" ind1="#" ind2="#">
      <subfield code="a">xxii, 536 hlm :</subfield>
      <subfield code="b">ilus ;</subfield>
      <subfield code="c">24 x 15 cm</subfield>
    </datafield>
    <datafield tag="650" ind1="#" ind2="4">
      <subfield code="a">Pariwisata Industri</subfield>
    </datafield>
    <datafield tag="850" ind1="#" ind2="#">
      <subfield code="a">NBPNMAT</subfield>
    </datafield>
    <datafield tag="020" ind1="#" ind2="#">
      <subfield code="a">979-421-760-9</subfield>
    </datafield>
    <datafield tag="084" ind1="#" ind2="#">
      <subfield code="a">338.479 1 FOS a</subfield>
    </datafield>
    <datafield tag="250" ind1="#" ind2="#">
      <subfield code="a">ed.1</subfield>
    </datafield>
    <datafield tag="700" ind1=" " ind2="#">
      <subfield code="a">Penerjemah Tribudi Sastrio</subfield>
    </datafield>
    <datafield tag="990" ind1="#" ind2="#">
      <subfield code="a">20612041</subfield>
    </datafield>
  </record>
</collection>
